000 00750nam a22002417a 4500
001 4909
003 FISKH
005 20241119095303.0
008 241024b cb ||||| |||| 00| 0 eng d
020 _a9780545137218
040 _aFISKH
_beng
_cFISKH
_dFISKH
082 _a551.55
100 _aMartin, McCory Justin
_d(1964-)
245 _aBlizzards /
_cby Justin McCory Martin
250 _aFirst printing in 2009.
260 _aNew York :
_bScholastic,
_c2009.
300 _a16 pages :
_bColor illustrations ;
_c23 cm
520 _aDescribes what a blizzard is and how humans, plants, and animals have adapted to living through them.
650 _2Non-fiction
_aWeather
650 _2Science
_aSight words
942 _2ddc
_cBK
_n0
999 _c4909
_d4909